000 00225nam a22000977a 4500
041 _aeng
080 _a80
100 _aВасильев, В. А.
245 _aФонетика английского языка.
999 _c281920
_d281920
942 _cBK